000 00874cam a2200241 4500
001 ##L131398
002 ##9159
008 051028n2004 000 0 eng u
020 _a0860226433
035 _a(Sirsi) u131398
041 0 _aeng
050 0 4 _a696 $2 18
100 1 _aLangmaid, John
245 0 0 _aChoosing building services
260 _aBracknell
_bBSRIA
_c2004
300 _a48p.
_c30cm. +
_e1 CD-ROM
350 _a50
490 0 _aBSRIA Guide
_vBG 9/2004
520 _aA guide to mechanical and electrical services which is intended to enable clients to specify the type of environment they require and to help the design team find satisfactory solutions to clients' needs. Covers procurement, design and handover as well as operation, maintenance and decommissioning. Tables.
590 _aIKA050906
690 _aBlock management
_96220
942 _n0
999 _c104744
_d104744